| 000 | 00357nam a22001457a 4500 | ||
|---|---|---|---|
| 008 | 230321b ||||| |||| 00| 0 eng d | ||
| 020 | _a9780761994763 | ||
| 041 | _aeng | ||
| 080 |
_22ND EDITION _a34 |
||
| 082 | _a34MEL | ||
| 100 | _a31 | ||
| 101 | _aJUREDIK | ||
| 245 |
_aCOMMUNICATION FOR DEVELOPMENT IN THE THIRD WORLD _cMELKOTE.R.S |
||
| 942 |
_2udc _cBK |
||
| 999 |
_c59408 _d59408 |
||